000 00588nam a2200181 4500
001 124267
003 ES-MaACL
005 20230906192346.0
007 t|
008 070214s1970 sp r ||||1| spa d
245 0 0 _aReflexiones científicas a propósito de la `Humanae Vitae`
_b: seis médicos y la encíclica /
_cJordi Gol... [et al.] ; traducido por Luis Izquierdo.
250 _a1ª ed.
260 _aBarcelona :
_bFontanella,
_c1970.
300 _a75 p. ;
_c19 cm.
700 1 _aGol, Jordi.
_957631
700 1 _aIzquierdo, Luis.
_965710
852 _aES-MaACL
_jC-46547
_bR.75913
999 _c124267
_d124267